المفاوضات / (Record no. 752)
[ view plain ]
| 000 -LEADER | |
|---|---|
| fixed length control field | 00739nam a2200217 a 4500 |
| 001 - CONTROL NUMBER | |
| control field | 752 |
| 005 - DATE AND TIME OF LATEST TRANSACTION | |
| control field | 20221127090019.0 |
| 008 - FIXED-LENGTH DATA ELEMENTS--GENERAL INFORMATION | |
| fixed length control field | 050920s lle a | 00000|ara d |
| 020 ## - INTERNATIONAL STANDARD BOOK NUMBER | |
| Terms of availability | رس 16.00 |
| 035 ## - SYSTEM CONTROL NUMBER | |
| System control number | 765 |
| 082 04 - DEWEY DECIMAL CLASSIFICATION NUMBER | |
| Classification number | 658.4052 |
| Item number | س532 |
| 100 1# - MAIN ENTRY--PERSONAL NAME | |
| Personal name | سيباني، خليل. |
| 245 12 - TITLE STATEMENT | |
| Title | المفاوضات / |
| Statement of responsibility, etc. | خليل فهد سيباني. |
| 246 1# - VARYING FORM OF TITLE | |
| Title proper/short title | المفاوضات والاتفاقات. |
| 260 ## - PUBLICATION, DISTRIBUTION, ETC. | |
| Place of publication, distribution, etc. | بيروت : |
| Name of publisher, distributor, etc. | دار الراتب الجامعية, |
| Date of publication, distribution, etc. | 2003. |
| 300 ## - PHYSICAL DESCRIPTION | |
| Extent | 155 ص. : |
| Other physical details | ايض. ؛ |
| Dimensions | 20 سم. |
| 440 #0 - SERIES STATEMENT/ADDED ENTRY--TITLE | |
| Title | موسوعة رجل الاعمال الناجح. |
| 500 ## - GENERAL NOTE | |
| General note | عنوان غلاف: المفاوضات والاتفاقات. |
| 650 #4 - SUBJECT ADDED ENTRY--TOPICAL TERM | |
| Topical term or geographic name entry element | المفاوضات. |
| 650 #4 - SUBJECT ADDED ENTRY--TOPICAL TERM | |
| Topical term or geographic name entry element | ادارة الاعمال. |
| Withdrawn status | Lost status | Damaged status | Not for loan | Home library | Current library | Date acquired | Total Checkouts | Full call number | Barcode | Date last seen | Copy number | Price effective from | Koha item type |
|---|---|---|---|---|---|---|---|---|---|---|---|---|---|
| CENTRAL | CENTRAL | 11/27/2022 | 658.4052 س532 | 1000000004234 | 11/27/2022 | C1 | 11/27/2022 | Book |
